| 000 | 01319pab a2200169 454500 | ||
|---|---|---|---|
| 008 | 180718b2002 xxu||||| |||| 00| 0 eng d | ||
| 100 | _aJin, Jing | ||
| 245 | _aHow does fiscal decentralization affect aggregate, national, and subnational government size? | ||
| 260 | _c2002 | ||
| 300 | _ap.270-93. | ||
| 362 | _aSep | ||
| 520 | _aBeyond conducting the usual regression analysis of the relationship between fiscal decentralization and aggregate government size (national and subnational combined), this paper makes the first attempt to examine how different fiscal decentralization measures affect the sizes of national and subnational (state and local combined) governments. An econometric analysis using panel data from 32 industrial and developing countries, 1980-1994, finds that (1) expenditure decentralization leads to smaller national governments, larger subnational governments, and larger aggregate governments; (2) revenue decentralization increases subnational governments by less than it reduces national governments, hence leads to smaller aggregate governments; and (3) vertical imbalance tends to increase the sizes of subnational, national, and aggregate governments. - Reproduced. | ||
| 650 | _aFiscal policy | ||
| 700 | _aZou, Heng-fu | ||
| 773 | _aJournal of Urban Economics | ||
| 909 | _a54485 | ||
| 999 |
_c54485 _d54485 |
||